Central Library OPAC University of Rajshahi

Quarks : (Record no. 10573)

MARC details
000 -LEADER
fixed length control field 00802nam a2200265 a 4500
001 - CONTROL NUMBER
control field 10573
003 - CONTROL NUMBER IDENTIFIER
rucl marc code BD-RjUL
005 - DATE AND TIME OF LATEST TRANSACTION
control field 20211208234958.0
008 - FIXED-LENGTH DATA ELEMENTS--GENERAL INFORMATION
fixed length control field 140125s1985 pau 001 0 eng d
020 ## - INTERNATIONAL STANDARD BOOK NUMBER
International Standard Book Number 9971966654
International Standard Book Number 9971966662
035 ## - SYSTEM CONTROL NUMBER
System control number (BD-RjUL)10621
040 ## - CATALOGING SOURCE
Original cataloging agency BD-RjUL
Language of cataloging eng
Transcribing agency BD-RjUL
Modifying agency BD-RjUL
041 ## - LANGUAGE CODE
Language code of text/sound track or separate title eng
082 ## - DEWEY DECIMAL CLASSIFICATION NUMBER
Classification number 539.721
Author mark and year NAQ 1985
Edition number 23
100 1# - MAIN ENTRY--PERSONAL NAME
Personal name Nanbu, Yōichirō,
Dates associated with a name 1921-
9 (RLIN) 32682
245 10 - TITLE STATEMENT
Title Quarks :
Remainder of title frontiers in elementary particle physics /
Statement of responsibility, etc. Y. Nambu ; translated by R. Yoshida.
260 ## - PUBLICATION, DISTRIBUTION, ETC. (IMPRINT)
Place of publication, distribution, etc. Philadelphia :
Name of publisher, distributor, etc. World Scientific,
Date of publication, distribution, etc. c1985.
300 ## - PHYSICAL DESCRIPTION
Pagination xi, 228 p. :
Illustrations ill. ;
Size 21 cm.
500 ## - GENERAL NOTE
General note Includes index.
650 #0 - SUBJECT ADDED ENTRY--TOPICAL TERM
Topical term or geographic name as entry element Particles (Nuclear physics)
9 (RLIN) 32683
Topical term or geographic name as entry element Quarks.
9 (RLIN) 28457
700 ## - ADDED ENTRY--PERSONAL NAME
Personal name Yoshida, R.
942 ## - ADDED ENTRY ELEMENTS (KOHA)
Source of classification or shelving scheme Dewey Decimal Classification
Koha item type Books
Holdings
Lost status Source of classification or shelving scheme Damaged status Not for loan Collection code Permanent Location Current Location Shelving location Date acquired Source of acquisition Cost, normal purchase price Total Checkouts Full call number Date last seen Date checked out Copy number Koha item type
  Dewey Decimal Classification     Non-fiction Central Library, University of Rajshahi Central Library, University of Rajshahi   01/08/1988 Manial 25.00 1 539.721 NAQ 1985 02/05/2017 21/04/2017 C-2 Books
  Dewey Decimal Classification   Not For Loan Non-fiction Central Library, University of Rajshahi Central Library, University of Rajshahi Reading Room 08/12/2021 World Scientfic     539.721 NAQ 1985 23/03/2017   C-1 Books